Statistics for 007 Goldeneye Main Characters

Click here to take the quiz!

General Stats

  • This quiz has been taken 78 times
  • The average score is 4 of 8

Answer Stats

HintAnswer% Correct
007James Bond
98%
Satellite ProgrammerBoris Grishenko
79%
Satellite ProgrammerNatalya Simonova
63%
006/JanusAlec Trevelyan
57%
Janus OperativeXenia Onatopp
49%
Ex-KGB AgentValentin Zukovsky
43%
GeneralArkady Ourumov
33%
Defense MinisterDmitri Miskhin
2%

Score Distribution

Percentile by Number Answered

Percent of People with Each Score

Your Score History

You have not taken this quiz